| 000 | 01464nam a2200361 i 4500 | ||
|---|---|---|---|
| 001 | 183677 | ||
| 003 | ES-MaACL | ||
| 005 | 20250902225554.0 | ||
| 008 | 140919s2013 sp d | |||||||| | spa d | ||
| 020 | _a978-84-92937-45-5 | ||
| 080 | _a336.531.2(460):364.69 | ||
| 080 | _a364.69(460) | ||
| 100 | 1 |
_aSánchez Martínez, Fernando Ignacio. _9155566 |
|
| 245 | 1 | 3 |
_aEl sistema sanitario público en España y sus comunidades autónomas : _bsostenibilidad y reformas / _cdirigido por José María Abellán Perpiñán ; Fernando I. Sánchez Martínez, Ildefonso Méndez Martínez, Jorge E. Martínez Pérez ; prólogo de Carmen Herrero Blanco. |
| 250 | _a1ª ed. | ||
| 260 |
_aBilbao : _bFundación BBVA, _c2013. |
||
| 300 |
_a400 p. : _bgráf. ; _c24 cm. |
||
| 500 | _aÍndices. | ||
| 504 | _aBibliografía: p. 371-378. | ||
| 650 | 7 |
_aGasto sanitario- _zEspaña. _9155567 |
|
| 650 | 0 | 7 |
_aPolítica sanitaria. _916307 |
| 650 | 0 | 7 |
_aAsistencia sanitaria- _zEspaña. _910373 |
| 700 | 1 |
_aMéndez Martínez, Ildefonso. _9155568 |
|
| 700 | 1 |
_aMartínez Pérez, Jorge E. _9155569 |
|
| 700 | 1 |
_aAbellán Perpiñán, José María _9151582 |
|
| 700 | 1 |
_aAbellán Perpiñán, José María _9151582 |
|
| 700 | 1 |
_aHerrero Blanco, Carmen. _9151583 |
|
| 710 | 2 |
_aFundación BBVA _94230 |
|
| 852 |
_aES-MaACL _jA-13256 _9190623 _bR.149930 _cDEPO1 _dOlim: N-6256 |
||
| 942 |
_2udc _cMONOGRAFIA |
||
| 999 |
_c183677 _d183677 |
||